| 000 | 00725nam a2200217 i 4500 | ||
|---|---|---|---|
| 001 | 124430 | ||
| 003 | ES-MaACL | ||
| 007 | t| | ||
| 008 | 070326s1928 sp ||||1| spa d | ||
| 100 | 1 |
_aSchlesinger, Martin Ludwig. _9104413 |
|
| 245 | 1 | 3 |
_aEl estado de los soviets / _cMartin Ludwig Schlesinger ; traducción de Manuel Pedroso. |
| 260 |
_aBarcelona : _bLabor, _c[1928] |
||
| 300 |
_a176 p., VIII p. lám., 1 map. : _bil. ; _c17 cm. |
||
| 490 | 1 |
_aColección Labor ; _v161 |
|
| 650 | 1 | 4 |
_aDerecho constitucional- _zURSS. _911685 |
| 651 | 4 |
_aURSS- _xPolítica y gobierno. _99481 |
|
| 700 | 1 |
_aPedroso, Manuel. _989953 |
|
| 830 | 0 | 0 |
_aColección Labor _v161 _9184254 |
| 852 |
_aES-MaACL _jE-2683 |
||
| 999 |
_c124430 _d124430 |
||